Countries That Use Capital Punishment - Sudden Death - Statistics

General Stats
  • This quiz has been taken 22 times
  • The average score is 11 of 40
Answers on the Grid
Answers color-coded by a green-red scale on the quiz's grid according to % correct below.
Afghanistan
Algeria
Angola
Bahrain
Belarus
Belize
Bhutan
Botswana
Brazil
Brunei
Burkina Faso
Cambodia
Canada
Chad
Chile
China
Cuba
Egypt
Eritrea
Ethiopia
France
Gabon
Ghana
Guatemala
Guinea
Guyana
India
Indonesia
Iran
Japan
Jordan
Kazakhstan
Laos
Libya
Malaysia
Mali
Mexico
Monaco
Mozambique
Myanmar
Nepal
New Zealand
Nigeria
North Korea
Norway
Oman
Pakistan
Peru
Qatar
Russia
Saudi Arabia
Serbia
Singapore
Somalia
South Africa
South Korea
Spain
Sweden
Syria
Thailand
Tunisia
Turkey
Uganda
Ukraine
United Arab Emirates
United States
Uzbekistan
Vatican City
Venezuela
Vietnam
 
Answer Stats
Answer % Correct
Afghanistan
91%
North Korea
55%
Bahrain
45%
Belarus
45%
China
45%
Iran
45%
Saudi Arabia
45%
United States
45%
Algeria
36%
Eritrea
36%
Indonesia
36%
Pakistan
36%
Russia
36%
Thailand
36%
United Arab Emirates
36%
Egypt
27%
Ethiopia
27%
Jordan
27%
Libya
27%
Oman
27%
Singapore
27%
Somalia
27%
Syria
27%
Japan
18%
Malaysia
18%
Mali
18%
Nigeria
18%
Qatar
18%
Uganda
18%
Vietnam
18%
Belize
9%
Botswana
9%
Brunei
9%
Cuba
9%
India
9%
Laos
9%
Myanmar
9%
South Korea
9%
Guyana
0%
Tunisia
0%
No matching quizzes found
Score Distribution
Percent of People with Each Score
Percentile by Number Answered
Your Score History
You have not taken this quiz